| 000 | 00667nam a22002057a 4500 | ||
|---|---|---|---|
| 003 | DO-SdBNP | ||
| 005 | 20220426134138.0 | ||
| 008 | 110301s2021 dr d 000 0 spa d | ||
| 020 | _a9789945628739 | ||
| 040 |
_aDO-SdBNP _bspa _cBNPHU |
||
| 082 | 4 |
_axxxx _bP426b |
|
| 100 | 1 |
_aPeralta, J. _953018 _qJochy Peralta |
|
| 245 | 1 | 0 |
_aBitcòin para todos : _buna guía de introducción al bitcoin y al criptomercado / _cJ., Peralta |
| 260 |
_aSanto Domingo : _bBien ' etre, _c2021. |
||
| 300 |
_a51 p. : _c22 cm. |
||
| 500 | _aIncluye datos biográficos del autor en la contraportada. | ||
| 590 | _aInventariado, 2022/ YL | ||
| 910 | _aYLockward | ||
| 942 |
_2ddc _cLBS1 |
||
| 999 |
_c51584 _d51584 |
||